| 000 | 00684nam a22002297a 4500 | ||
|---|---|---|---|
| 942 | _cBK | ||
| 999 |
_c662 _d662 |
||
| 003 | OSt | ||
| 005 | 20250420134820.0 | ||
| 008 | 210823b ||||| |||| 00| 0 eng d | ||
| 020 | _a9781292021485 | ||
| 040 | _cKCST | ||
| 082 |
_a512.9 _bBi In |
||
| 100 |
_aMarvin L Bittinger; _95234 |
||
| 245 |
_aIntroductory and intermediate algebra / _cMarvin L Bittinger; Judith A Beecher |
||
| 250 |
_a4th ed. _bPearson new international edition |
||
| 260 |
_aHarlow : _bPearson, _c2014. |
||
| 300 |
_aii, 1006 pages : _billustrations ; _c28 cm. |
||
| 440 |
_aPearson custom library. _95235 |
||
| 650 |
_aAlgebra _92068 |
||
| 700 |
_aBeecher, Judith A _95236 |
||
| 942 | _2ddc | ||